00455nam a2200157Ia 4500008004100000020001300041082001500054100002300069245004100092250000800133260003700141300002900178500001900207600002100226650005000247240925s9999 xx 000 0 und d a24154652 a004.67 STA aStallings, William 0aLocal and Metropolitan Areas Network a4th aLahore:bMaktabai karwanc,1993. axvi,550p.bNAfPhotocopy aIncludes Index aComputer Science aComputer science, information & general works